Score 0/12 Timer 01:00
0 Plays Today
Hint 3-Letter Word % Correct
2,000 pounds⬤ TON ⬤
95.2%
Band-___AID
94.9%
Auction actionBID
94.1%
Charged moleculeION
93%
Metalic element SnTIN
91.8%
Small storage compartmentBIN
90.3%
HotelINN
90.2%
Actor Cage, informally⬤ NIC ⬤
90%
Eli Whitney's cotton ___⬤ GIN ⬤
88.1%
'Harold ___ Maude'⬤ AND ⬤
87.9%
Muscle spasmTIC
86.5%
Landers, Davis, or Margret, e.g.ANN
83.6%

Today's Daily Dose

Remove Ads.
Support Sporcle.
Get the best of Sporcle when you Go Orange. This ad-free experience offers more features, more stats, and more fun while also helping to support Sporcle. Thank you for becoming a member.

You're not logged in!

Compare scores with friends on all Sporcle quizzes.
OR
Log In

Show Comments

Extras

Top Quizzes Today


Score Distribution

Your Account Isn't Verified!

In order to create a playlist on Sporcle, you need to verify the email address you used during registration. Go to your Sporcle Settings to finish the process.

Report this User

Report this user for behavior that violates our Community Guidelines.

Details: